|
|
|
|
| LEADER |
00000nab a2200000 a 4500 |
| 001 |
vtls000027909 |
| 003 |
SK-MaSNL |
| 005 |
20260426094602.0 |
| 008 |
250423c1979 xo 0 slo |
| 015 |
|
|
|a SNBRA19rr/mm-uuuuu
|
| 035 |
|
|
|a CL0038003
|
| 035 |
|
|
|a urn:nbn:sk:snk-absg
|
| 035 |
|
|
|a (urnnbn)urn:nbn:sk:snk:ar-a03p21
|
| 035 |
|
|
|a (uuid)e4892044-08ce-4412-9c9c-e727dc3e702b
|
| 040 |
|
|
|a SNKBUCL
|b slo
|c SNKBUCL
|e AACR2
|
| 041 |
0 |
|
|a slo
|
| 044 |
|
|
|a xo
|c SK
|
| 080 |
|
|
|a 655.4/.5(437.6) ,,1980/1985"
|2 1981
|
| 100 |
1 |
|
|a Človieček, Ondrej
|4 aut
|9 383363
|
| 245 |
1 |
0 |
|a O koncepcii rozvoja knižnej kultúry v SSR do roku 1980 s výhľadom do roku 1985
|c Ondrej Človieček, Pavol Holéczy
|
| 648 |
|
7 |
|a do 1980
|2 snkbucl
|9 486401
|
| 648 |
|
7 |
|a do 1985
|2 snkbucl
|9 449315
|
| 650 |
0 |
7 |
|a nakladateľstvá a vydavateľstvá
|2 snkbucl
|9 2789
|
| 650 |
0 |
7 |
|a vydavateľská činnosť
|2 snkbucl
|9 2790
|
| 650 |
0 |
7 |
|a knižná kultúra
|2 snkbucl
|9 31235
|
| 651 |
|
7 |
|a Slovensko
|2 snkbucl
|9 14231
|
| 655 |
|
7 |
|a články zo zborníkov
|2 snkbucl
|9 166140
|
| 655 |
|
7 |
|a články z odboru knihovníctvo
|2 snkbucl
|9 166141
|
| 700 |
1 |
|
|a Holéczy, Pavol,
|d 1928-1988
|4 aut
|9 169199
|
| 773 |
0 |
|
|t Kniha '76
|d Martin : Matica slovenská, 1979
|g S. 7-19
|
| 850 |
|
|
|a Slovenská národná knižnica
|
| 852 |
|
|
|a Slovenská národná knižnica
|
| 954 |
|
|
|a odborná, vedecká literatúra pôvodná (slovenská)
|2 lita
|
| 958 |
|
|
|a article27
|
| 958 |
|
|
|a RK
|
| 958 |
|
|
|a KL
|
| 958 |
|
|
|a OND
|
| 958 |
|
|
|a EUIPO
|
| 992 |
|
|
|a RZB
|
| 999 |
|
|
|c 3140861
|d 3142791
|